Sethna's indian compnay law / (Record no. 136571)

MARC details
000 -LEADER
fixed length control field 00589nam a2200205 4500
010 ## - LIBRARY OF CONGRESS CONTROL NUMBER
LC control number 909703
035 ## - SYSTEM CONTROL NUMBER
System control number 909703
037 ## - SOURCE OF ACQUISITION
Source of stock number/acquisition Cen Lib / Ret
040 ## - CATALOGING SOURCE
Original cataloging agency DPL
Language of cataloging EN
082 ## - DEWEY DECIMAL CLASSIFICATION NUMBER
Classification number 347.70954
Item number SET
100 ## - MAIN ENTRY--PERSONAL NAME
Personal name Sethna, Jehangir M.
245 ## - TITLE STATEMENT
Title Sethna's indian compnay law /
Statement of responsibility, etc by Jehangir M. Sethna
250 ## - EDITION STATEMENT
Remainder of edition statement 8th ed
260 ## - PUBLICATION, DISTRIBUTION, ETC. (IMPRINT)
Place of publication, distribution, etc Bombay
Name of publisher, distributor, etc Lakhani Book Depot
Date of publication, distribution, etc 1978
270 ## - ADDRESS
Address Next to Portuguese Church, Girgaon
City Bombay
Postal code 400004
300 ## - PHYSICAL DESCRIPTION
Extent (v 1. lii, 1374p.)
Other physical details 27cm(hb)
650 ## - SUBJECT ADDED ENTRY--TOPICAL TERM
Topical term or geographic name as entry element Law
650 ## - SUBJECT ADDED ENTRY--TOPICAL TERM
Topical term or geographic name as entry element Company Law
942 ## - ADDED ENTRY ELEMENTS (KOHA)
Source of classification or shelving scheme Dewey Decimal Classification
Koha item type English Books
Classification part 347.70954
Call number suffix SET
Holdings
Withdrawn status Lost status Source of classification or shelving scheme Materials specified (bound volume or other part) Damaged status Not for loan Collection code Home library Current library Date acquired Source of acquisition Total Checkouts Full call number Barcode Date last seen Price effective from Koha item type Public note
Written off   Dewey Decimal Classification v 1   Not For Loan Reference Central Library Central Library 04/03/2016 Cen Lib/Ret   347.70954 SET 909703 04/03/2016 04/03/2016 English Books Written off on approval by DLB (By Circulation); dtd 15-06-2023

© Delhi Public Library
Hit Counter
free hit counter